000 00231 a2200097 4500
001 31555
100 _aSymonds, Richard
245 _aThe Making of Pakistan
260 _aLahore
_bIslamic Book Service
_c1998
090 _c21411
_d21411
942 _aNUST-CAE
_cM
_c12683
999 _c266628
_d266628